| 000 | 00592nam a22001937a 4500 | ||
|---|---|---|---|
| 003 | OSt | ||
| 005 | 20140310182352.0 | ||
| 008 | 130930t xxu||||| |||| 00| 0 eng d | ||
| 020 | _a9715423647 | ||
| 050 |
_aPS 9993 _b.B328 2002 |
||
| 082 |
_aPL 5531.4 _b.B328 2002 |
||
| 100 |
_aBatacan, F. H. _922217 |
||
| 245 |
_aSmaller and smaller circles : _ba novel / _cF.H. Batacan. |
||
| 260 |
_aDiliman, Quezon City : _b University of the Philippines Press, _c2002. |
||
| 300 |
_a155 p. : _c20.5 cm. |
||
| 650 |
_aPhilippine fiction _xEnglish. _922218 |
||
| 942 |
_2lcc _cBK-FIL |
||
| 999 |
_c12393 _d12393 |
||